| 000 -LEADER |
| fixed length control field |
00388cam a22001097a 4500 |
| 008 - FIXED-LENGTH DATA ELEMENTS--GENERAL INFORMATION |
| fixed length control field |
180718b1989 xxu||||| |||| 00| 0 eng d |
| 082 ## - DEWEY DECIMAL CLASSIFICATION NUMBER |
| Classification number |
Z71x67 In8 |
| 100 ## - MAIN ENTRY--PERSONAL NAME |
| Personal name |
Carr, Stephen J. |
| 245 ## - TITLE STATEMENT |
| Title |
Technology for small-scale farmers in sub-saharan Africa: experience with food crop prodeuction in five major |
| Statement of responsibility, etc. |
by Stephen J. Carr |
| 260 ## - PUBLICATION, DISTRIBUTION, ETC. |
| Place of publication, distribution, etc. |
Washington, D.C. |
| Name of publisher, distributor, etc. |
World Bank |
| Date of publication, distribution, etc. |
1989 |
| 300 ## - PHYSICAL DESCRIPTION |
| Extent |
106p. |